=LDR 00000nam 2200000 4500 =001 INLIS000000000023851 =005 20130612122457 =008 ***********************************Ind** =035 ##$$0010-061300000023851 =041 ##$$a Ind =082 ##$$a 671.52 =090 ##$$a 671.52, Suh t =100 ##$$a Suharto =245 ##$$a Teknologi pengolahan logam, Suharto =260 ##$$a 1991 $b Jakarta =300 ##$$a 142 hlm, ilus, 21 cm =650 ##$$a Teknik las =850 ##$$a NBPNMAT